Internal combustion engines (Record no. 24482)

000 -LEADER
fixed length control field 00576nam a22002051 4500
001 - CONTROL NUMBER
control field 24482
003 - CONTROL NUMBER IDENTIFIER
control field BD-DhUET
008 - FIXED-LENGTH DATA ELEMENTS--GENERAL INFORMATION
fixed length control field 681231s1968 paua b 001 0 eng
040 ## - CATALOGING SOURCE
Original cataloging agency DLC
Transcribing agency DLC
Modifying agency BD-DhUET
082 00 - DEWEY DECIMAL CLASSIFICATION NUMBER
Classification number 621.43
Item number OBE/1968
100 ## - MAIN ENTRY--PERSONAL NAME
Personal name Obert, Edward F.
245 10 - TITLE STATEMENT
Title Internal combustion engines
250 ## - EDITION STATEMENT
Edition statement 3rd ed.
260 ## - PUBLICATION, DISTRIBUTION, ETC. (IMPRINT)
Place of publication, distribution, etc. Scranton
Name of publisher, distributor, etc. International Textbook
Date of publication, distribution, etc. 1968
300 ## - PHYSICAL DESCRIPTION
Extent xiii, 736p.
Other physical details illus
490 0# - SERIES STATEMENT
Series statement International textbooks in mechanical engineering
504 ## - BIBLIOGRAPHY, ETC. NOTE
Bibliography, etc Includes bibliographies
650 #0 - SUBJECT ADDED ENTRY--TOPICAL TERM
Topical term or geographic name as entry element Internal combustion engines
942 ## - ADDED ENTRY ELEMENTS (KOHA)
Koha item type General Book
Holdings
Location (home branch) Sublocation or collection (holding branch) Piece designation (barcode) Withdrawn status Koha date last seen Not for loan Koha issues (times borrowed) Damaged status Source of classification or shelving scheme Shelving location Date acquired Price effective from Koha date last borrowed Koha full call number Lost status Koha item type Koha normalized classification for sorting Copy number
Central Library, BUETCentral Library, BUET19063 2019-11-18 2  Circulation section2015-05-092015-05-092019-09-28621.43/OBE/1968 General Book621_430000000000000_OBE_19681
Central Library, BUETCentral Library, BUET32007 2015-06-16    Reading section2015-06-162015-06-16 621.43/OBE/1968 General Book621_430000000000000_OBE_19682
Central Library, BUETCentral Library, BUET40437 2015-06-16    Reading section2015-06-162015-06-16 621.43/OBE/1968 Reading Item621_430000000000000_OBE_19683
Central Library, BUETCentral Library, BUET19060 2015-06-23    Reading section2015-06-232015-06-23 621.43/OBE/1968 Reading Item621_430000000000000_OBE_19684
Central Library, BUETCentral Library, BUET32117 2015-07-03    Reading section2015-07-032015-07-03 621.43/OBE/1968 Reading Item621_430000000000000_OBE_19685